C. Cornelii Taciti quae exstant opera. (Record no. 165966)

MARC details
000 -LEADER
campo de control de longitud fija 00737nam a22002175i 4500
001 - NÚMERO DE CONTROL
campo de control 165966
003 - IDENTIFICADOR DE NÚMERO DE CONTROL
campo de control ES-MaACL
005 - FECHA Y HORA DE LA ÚLTIMA TRANSACCIÓN
campo de control 20250816063148.0
008 - DATOS DE LONGITUD FIJA--INFORMACIÓN GENERAL
campo de control de longitud fija 050914q18301860fr | |||||||| ||lat d
040 ## - FUENTE DE CATALOGACIÓN
Centro catalogador/agencia de origen CAM
Lengua de catalogación spa
Centro/agencia transcriptor CAM
100 1# - ENTRADA PRINCIPAL--NOMBRE DE PERSONA
Nombre de persona Tácito, Cayo Cornelio
9 (RLIN) 109052
245 10 - MENCIÓN DEL TÍTULO
Título C. Cornelii Taciti quae exstant opera.
260 ## - PUBLICACIÓN, DISTRIBUCIÓN, ETC.
Lugar de publicación, distribución, etc. Lugduni :
Nombre del editor, distribuidor, etc. [s.n.,
Fecha de publicación, distribución, etc. [s.a.] (
Fabricante Ludovicus Perrin)
300 ## - DESCRIPCIÓN FÍSICA
Extensión [4], 474 p. ;
Dimensiones 17 cm.
594 ## - Nota al título y mención de responsabilidad
Nota al título y mención de responsabilidad Tit. tomado de la antep.
596 ## - NOTA AL PIE DE IMPRENTA
NOTA AL PIE DE IMPRENTA Impreso probablemente a mediados del S. XIX.
700 1# - ENTRADA AGREGADA--NOMBRE PERSONAL
Nombre de persona Perrin, Louis,
Término indicativo de función/relación
9 (RLIN) 131046
752 ## - ENTRADA AGREGADA--NOMBRE JERÁRQUICO DEL LUGAR
País o entidad superior Francia -
Ciudad Lyon
852 ## - LOCALIZACIÓN
Ubicación ES-MaACL
Número de control de estantería D-336
Nota libre -- Enc. hol.
-- -- Legado de M. de la Fuente
condición física -- Falto de port.
Holdings
Estatus retirado Estado de pérdida Estado de daño No para préstamo Biblioteca de origen Biblioteca actual Ubicación en estantería Fecha de adquisición Fuente de adquisición Total de préstamos Signatura topográfica completa Código de barras Visto por última vez Precio de reemplazo Tipo de ítem Koha
        Biblioteca del Ateneo de Madrid Biblioteca del Ateneo de Madrid Sala Valle Inclán 17/01/2008     D-336 901174052 23/02/2023 23/02/2023 Libro impreso